000 01790nam a2200229Ia 4500
008 260220t1994||||xx |||||||||||||| ||spa||
040 _aPY-SlUNAC
_bspa
_erda
041 _aspa
082 _a614.15
_bUn3mo
245 0 _aMorbilidad percibida y uso de los servicios de salud en una población urbana del Paraguay (Gran Asunción)
264 _aAsunción :
_bIICS,
_c℗1994.
300 _a1 volumen
520 _aEl libro "Morbilidad percibida y uso de los servicios de salud en una población urbana del Paraguay (Gran Asunción)" presenta un estudio exhaustivo sobre la relación entre la morbilidad percibida y la utilización de servicios de salud en el área metropolitana de Asunción. A través de métodos cualitativos y cuantitativos, se analiza cómo las percepciones de enfermedad influyen en las decisiones de búsqueda de atención médica entre los residentes. Se identifica que factores socioeconómicos, culturales y el acceso a servicios impactan significativamente en el uso de la atención sanitaria. La investigación revela que, a pesar de la existencia de servicios de salud, muchos individuos evitan su uso debido a barreras como el costo, la falta de confianza en los profesionales de la salud y el desconocimiento de sus derechos. Este trabajo destaca la necesidad de políticas públicas que aborden estas cuestiones, promoviendo un acceso equitativo y efectivo a los servicios de salud, así como la importancia de la educación en salud para mejorar la percepción y uso de estos servicios en la comunidad.
653 _aMorbilidad
653 _aSalud
653 _aServicios de salud
942 _b2026/02/17
_cBK
999 _c8460
_d8460